Universal: skok w prywatizacji i co dalej?

Rozhovor s predsedom poľskej spoločnosti Universal, ktorá sa zaoberá obchodom i výrobou, o jej úspechoch po roku od privatizácie, a to najmä vo vývoze. Zamestnanci sa nezúčastňujú na riadení firmy, ktorá sa zameriava na dlhodobú stratégiu. Platová politika a hodnotenie. Odporúča sa vydávanie a preda...

Descripción completa

Guardado en:
Detalles Bibliográficos
Autor principal: Przywieczerski, D.
Otros Autores: Borkowska, S.
Formato: Capítulo de libro
Lenguaje:polaco
Materias:
Etiquetas: Agregar Etiqueta
Sin Etiquetas, Sea el primero en etiquetar este registro!

MARC

LEADER 00000naa a2200000 4500
001 r004769
005 20221125122639.5
041 0 |a pol 
044 |a PL 
245 1 0 |a Universal: skok w prywatizacji i co dalej?  |c D. Przywieczerski, S. Borkowska 
520 |a Rozhovor s predsedom poľskej spoločnosti Universal, ktorá sa zaoberá obchodom i výrobou, o jej úspechoch po roku od privatizácie, a to najmä vo vývoze. Zamestnanci sa nezúčastňujú na riadení firmy, ktorá sa zameriava na dlhodobú stratégiu. Platová politika a hodnotenie. Odporúča sa vydávanie a predaj privatizačných akcií. 
610 2 0 |a podnik obchodný 
610 2 0 |a Universal 
610 2 0 |a PR 
610 2 0 |a hospodárenie podnikové 
610 2 0 |a riadenie podnikové 
610 2 0 |a vývoz 
610 2 0 |a politika mzdová 
610 2 0 |a akcie 
100 1 |a Przywieczerski, D. 
700 1 |a Borkowska, S.